Alliances - Statistics

General Stats
  • This quiz has been taken 17 times
  • The average score is 38 of 45
Answer Stats
Question Tile Select % Correct
NATO countries Canada Yes
100%
BRICS countries China Yes
100%
Arab League countries Egypt Yes
100%
NATO countries Serbia No
100%
BRICS countries Sudan No
100%
NATO countries United Kingdom Yes
100%
NATO countries United States Yes
100%
Commonwealth of Nations countries Australia Yes
94%
BRICS countries Belarus No
94%
NATO countries China No
94%
Commonwealth of Nations countries China No
94%
Arab League countries Ethiopia No
94%
BRICS countries India Yes
94%
Commonwealth of Nations countries New Zealand Yes
94%
BRICS countries Romania No
94%
NATO countries Russia No
94%
BRICS countries Russia Yes
94%
European Union countries Russia No
94%
BRICS countries South Africa Yes
94%
BRICS countries Brazil Yes
88%
European Union countries Ireland Yes
88%
Arab League countries Israel No
88%
Commonwealth of Nations countries Japan No
88%
European Union countries Turkey No
88%
European Union countries Ukraine No
88%
Commonwealth of Nations countries United Kingdom Yes
88%
Commonwealth of Nations countries United States No
88%
NATO countries Australia No
82%
Commonwealth of Nations countries Canada Yes
82%
Arab League countries Morocco Yes
82%
Arab League countries South Sudan No
82%
NATO countries Iceland Yes
76%
Commonwealth of Nations countries India Yes
76%
BRICS countries Indonesia No
76%
European Union countries Moldova No
76%
Arab League countries Seychelles No
76%
NATO countries Turkey Yes
76%
European Union countries Albania No
71%
Arab League countries Iran No
71%
Arab League countries Sudan Yes
71%
European Union countries Bosnia and Herzegovina No
65%
Commonwealth of Nations countries Pakistan Yes
65%
European Union countries Switzerland No
65%
Arab League countries Turkey No
65%
European Union countries Norway No
53%
No matching quizzes found
Score Distribution
Percent of People with Each Score
Percentile by Number Answered
Your Score History
You have not taken this quiz